| 000 | 00509nam a22002057a 4500 | ||
|---|---|---|---|
| 003 | OSt | ||
| 005 | 20240731162453.0 | ||
| 008 | 240731b |||||||| |||| 00| 0 eng d | ||
| 020 | _a0750650532 | ||
| 040 | _cMUST | ||
| 082 |
_23rd _a623LIN2000 |
||
| 100 |
_aLinsey Trevor _919039 |
||
| 245 | _aElectronic servicing and repairs | ||
| 250 | _a3rd | ||
| 260 |
_aNew York _bRoutledge _c2000 |
||
| 300 |
_avi,255p. _bincludes ill. _c25cm. |
||
| 504 | _aindex | ||
| 650 | _2Electronic serving | ||
| 942 |
_2ddc _cBOOK |
||
| 999 |
_c9316 _d9316 |
||